BUBT Library Online Catalog

Inorganic Chemistry; principles of structures and reactivity (Record no. 305)

000 -LEADER
fixed length control field 00846nam a22002657a 4500
008 - FIXED-LENGTH DATA ELEMENTS--GENERAL INFORMATION
fixed length control field 130505b xxu||||| |||| 00| 0 eng d
020 ## - INTERNATIONAL STANDARD BOOK NUMBER
International Standard Book Number 978-81-775-8130-0
024 ## - OTHER STANDARD IDENTIFIER
Terms of availability Available
037 ## - SOURCE OF ACQUISITION
Terms of availability Available
040 ## - CATALOGING SOURCE
Original cataloging agency MBSTU LIBRARY
Modifying agency MBSTU LIBRARY
082 ## - DEWEY DECIMAL CLASSIFICATION NUMBER
Edition number 22
Classification number 546 INO
100 ## - MAIN ENTRY--PERSONAL NAME
Personal name Huheey, James E
110 ## - MAIN ENTRY--CORPORATE NAME
Corporate name or jurisdiction name as entry element Keiter, Ellen A [et...al]
245 ## - TITLE STATEMENT
Title Inorganic Chemistry; principles of structures and reactivity
260 ## - PUBLICATION, DISTRIBUTION, ETC. (IMPRINT)
Place of publication, distribution, etc. New Delhi
Name of publisher, distributor, etc. Pearson Education
Date of publication, distribution, etc. 2011
300 ## - PHYSICAL DESCRIPTION
Extent 24.2 cm.
Other physical details xviii, 808 page.
Type of unit 5
Size of unit 24.2 cm.
600 ## - SUBJECT ADDED ENTRY--PERSONAL NAME
Personal name Industrial pollution technology.
650 ## - SUBJECT ADDED ENTRY--TOPICAL TERM
Source of heading or term Inorganic Chemistry
700 ## - ADDED ENTRY--PERSONAL NAME
Personal name Huheey, James E
710 ## - ADDED ENTRY--CORPORATE NAME
Corporate name or jurisdiction name as entry element Keiter, Ellen A [et...al]
270 ## - ADDRESS
Address New Delhi
City New Delhi
Country New Delhi
365 ## - TRADE PRICE
Price amount 919.00
Unit of pricing 919.00
942 ## - ADDED ENTRY ELEMENTS (KOHA)
Source of classification or shelving scheme
Koha item type Books

No items available.

More Information About Library

Library Hours

  • Open: 9.00 am. to 9.00 pm.
  • Only Sunday: 9.00 am. to 6.00 pm.
  • Closed: Holiday

Contact to the University

Bangladesh University of Business and Technology Library

  • Mirpurl-2, 1216.
  • Phone:
  • Fax:
  • E-Mail: admin.library@bubt.edu.bd

Contact to the Library

Contact Person:

Md. Abdul Hakim Shah
Joint Librarian
PABX No:  113
Cell No: 01816332931
E-mail: official: admin.library@bubt.edu.bd
Personal: hakim.shah@bubt.edu.bd


BUBT Library

Copyright © 2021